| 000 | 00613nam a22001577a 4500 | ||
|---|---|---|---|
| 003 | macl | ||
| 005 | 20221215123358.0 | ||
| 008 | 221215b |||||||| |||| 00| 0 eng d | ||
| 040 | _cmacl | ||
| 082 | _a741.642 | ||
| 100 |
_aसर आइजै़क _981620 |
||
| 245 | _aछोटी सोच को न्यूू टर्न देेने वाले सर आइजै़क न्यूूटन | ||
| 260 |
_aपुुणे _bतेजज्ञान ग्लोबल फाउण्डेशन _c2018 |
||
| 650 |
_aचिल्ड्रन बुक _9159 |
||
| 942 |
_2ddc _cHIN |
||
| 999 |
_c65764 _d65764 |
||